Archeology of Arauquin

Saved in:
Bibliographic Details
Main Author: Petrullo, Vincenzo (Author)
Format: Book
Language:English
Published: Washington, D.C Government Printing Office 1939
Series:Anthopological Papers, 12
Subjects:
Tags: Add Tag
No Tags, Be the first to tag this record!

MARC

LEADER 00000nam a2200000 a 4500
001 UCP8673
003 CL-VaPUC
008 000310e19390000US |||||||||||||||||eng|d
082 0 4 |a 573  |b PET  |2 21 
100 0 |a Petrullo, Vincenzo  |e author  |9 438777 
245 1 0 |a Archeology of Arauquin 
300 |a p. irreg 
942 |c BK 
945 |d 20000310 00:00:00  |a crobeson 
260 |a Washington, D.C  |b Government Printing Office  |c 1939 
650 0 |a Arqueología   |9 265619 
650 0 |a Antropología física  |9 308323 
650 0 |a Etnología   |9 258726 
583 |a last modification  |c 20000310 00:00:00  |k Rodrigo Vera 
490 0 |a Anthopological Papers, 12 
999 |c 285564  |d 285562 
952 |0 0  |1 0  |4 0  |6 573_000000000000000_PET_1939  |7 0  |8 X  |9 330257  |a BIBHIS  |b BIBHIS  |d 2019-11-20  |i 1378775  |o 573 PET 1939  |p 1378775  |r 2024-01-30  |w 2019-11-20  |y BK_X  |k HIS